Diccionario enciclopédico Grijalbo

Bewaard in:
Bibliografische gegevens
Formaat: Boek
Taal:Spaans
Gepubliceerd in: Barcelona Grijalbo 1995
Onderwerpen:
Tags: Voeg label toe
Geen labels, Wees de eerste die dit record labelt!

MARC

LEADER 00000nam a2200000 a 4500
001 UCH5404
003 CL-VaPUC
008 091014e19950000SP |||||||||||||||||spa|d
020 |a 8425326753 
082 0 4 |a 036  |b DIC  |2 21 
245 1 0 |a Diccionario enciclopédico Grijalbo 
300 |a 2061 p 
942 |c BK 
945 |d 20091014 00:00:00  |a lazolas 
260 |a Barcelona  |b Grijalbo  |c 1995 
500 |a Prefacio de Jorge Luis Borges 
650 7 |a ENCICLOPEDIAS Y DICCIONARIOS ESPAÑOLES  |2 CL-VaPUC  |9 262374 
650 0 |a Diccionario Español   |9 255650 
583 |a last modification  |c 20091014 00:00:00  |k Rodrigo Vera 
999 |c 336547  |d 336545